Detection of genetic variability among eight Corynespora cassiicola isolates from different clones of Hevea brasiliensis (Record no. 74438)

MARC details
000 -LEADER
fixed length control field 00468nam a2200133Ia 4500
100 ## - MAIN ENTRY--AUTHOR NAME
Personal name Titimon John
245 #0 - TITLE STATEMENT
Title Detection of genetic variability among eight Corynespora cassiicola isolates from different clones of Hevea brasiliensis
260 ## - PUBLICATION, DISTRIBUTION, ETC. (IMPRINT)
Name of publisher Calicut University
Place of publication Kerala
Year of publication 2002
500 ## - GENERAL NOTE
General note Available in Pathology
500 ## - GENERAL NOTE
General note Course: M.Sc.
700 ## - ADDED ENTRY--PERSONAL NAME
Personal name Dr Shaji Philip and Dr Annakutty Joseph
942 ## - ADDED ENTRY ELEMENTS (KOHA)
Koha item type Theses
Holdings
Withdrawn status Lost status Damaged status Not for loan Collection code Home library Current library Shelving location Date acquired Koha item type
      Theses Dissertation RRII Library RRII Library Crop protection 31/12/2021 Theses